Great Britain Gold Medals at the 1988 Summer Olympics - Statistics

General Stats
  • This quiz has been taken 15 times
  • The average score is 3 of 5
Answer Stats
Event Winner(s) % Correct
Rowing Mens Coxless Pairs (Steven Redgrave & Andy Holmes)
100%
Swimming Adrian Moorhouse (Mens 100m Breaststroke)
73%
Team Sport Field Hockey, Mens Team Competition
67%
Shooting Malcolm Cooper (Mens small-bore rifle, 3 positions)
40%
Sailing Mens Star Team Competition (Michael Mcintyre & Bryn Vaile)
0%
No matching quizzes found
Score Distribution
Percent of People with Each Score
Percentile by Number Answered
Your Score History
You have not taken this quiz